00534nam a22001697a 450000500170000001000130001702000260003003500130005603700220006908200140009110000190010524501030012424600300022726000480025730000420030570000170034720120313113843.0 aB-456392 a9780521700528c395.00 aB-456392 bAllioed Pub./ Ven a488.24076 aBlack, Michael aObjective IELTS :bintermediate self-study student's book /cby Michael Black [and] Wendy Sharp. aCambridge objective IELTS aCambridgebCambridge University Pressc2006 a208p.bill.c28 cm. (pbk) +e1 CD-ROM aSharp, Wendy